Selok-belok puasa
| Main Author: | |
|---|---|
| Format: | Book |
| Published: |
Kuala Lumpur :
Pustaka Al-Mizan ,
1987
|
| Subjects: |
MARC
| LEADER | 00000cam a2200000 7i4500 | ||
|---|---|---|---|
| 001 | 0000009223 | ||
| 005 | 20091101093000.0 | ||
| 008 | 021119s1987 | ||
| 090 | 0 | 0 | |a BP179 |b .I26 |
| 100 | 0 | |a Ibnu Idris , |e author | |
| 245 | 0 | 0 | |a Selok-belok puasa |c Ibnu Idris |
| 260 | 2 | |a Kuala Lumpur : |b Pustaka Al-Mizan , |c 1987 | |
| 300 | |a 36 p. ; |c 20 cm. | ||
| 650 | 0 | |a Fasting |x Religious aspects |x Islam | |
| 999 | |a 1000005373 |b Book |c OPEN SHELF (30 DAYS) |e Gong Badak Campus | ||